Sports Quiz

Random Sports or Basketball Quiz

NBA Players with the best defensive ratings? 2016-17 Quiz Stats

Quiz not verified by Sporcle

Challenge
Share
Tweet
Embed
Score 0/25 Timer 05:00
0 Plays Today
Defensive Rating Player % Correct
99.3Andre Drummond
90.5%
100.4Dwight Howard
90.2%
98.9Draymond Green
89.7%
98.9Rudy Gobert
88.8%
99.8Hassan Whiteside
88.8%
102Pau Gasol
87.9%
103.7Russell Westbrook
87.4%
101.5Kevin Durant
85.9%
103.7Chris Paul
85.6%
103.7Danny Green
83.9%
104.2LaMarcus Aldridge
82.5%
104Giannis Antetokounmpo
81.6%
101.2Anthony Davis
81%
Defensive Rating Player % Correct
104.7Stephen Curry
77.6%
103.3Paul Millsap
76.7%
101.9DeAndre Jordan
76.4%
102Kawhi Leonard
75.3%
104.4James Johnson
74.7%
104.2Robert Covington
74.4%
104.7Joe Ingles
73%
104.4Nikola Mirotic
69%
104.6Nikola Vucevic
68.7%
103.7Thabo Sefolosha
68.1%
104.5Tony Allen
58%
104DeMarcus Cousins
56.9%

You're not logged in!

Compare scores with friends on all Sporcle quizzes.
Sign Up with Email
OR
Log In

You Might Also Like...

Show Comments

Extras

Top Quizzes Today


Score Distribution

Your Account Isn't Verified!

In order to create a playlist on Sporcle, you need to verify the email address you used during registration. Go to your Sporcle Settings to finish the process.